| 000 | 00542nam a22001817a 4500 | ||
|---|---|---|---|
| 005 | 20240930121035.0 | ||
| 010 | _aENG-141810 | ||
| 020 |
_a9789388322539 _c550.00 |
||
| 035 | _aEN-125342 | ||
| 037 | _bDBAD | ||
| 082 | _aS | ||
| 100 |
_aRutherford, Alex _972194 |
||
| 245 |
_aFortune's Soldier/ _cBy Alex Rutherford |
||
| 260 |
_aGurugram _bHachelle Book Publishing India Pvt Ltd _c2018 |
||
| 270 |
_a4th & 5th Floor, Corporate Centre, Plot No. 94, Sector 44 _bGurugram _e122003 |
||
| 300 |
_a429p. _c21cm.(pb) |
||
| 942 |
_2ddc _cEN _hS _mRUT |
||
| 999 |
_c206014 _d206014 |
||